Монастирі Чернігова в соціокультурних вимірах XVII–XVІІІ ст.: історична ретроспектива і перспективи розвитку комплексів (Запис № 463732)

МАРК-запис
000 -Лідер
fixed length control field 05341nam a22002657a 4500
001 - Контрольний номер
control field 216219610
003 - Ідентифікатор контрольного номера
control field UA-OsUOA
005 - Дата та час останнього входження (трансакції)
control field 20210101190105.0
008 - Елементи даних фіксованої довжини – загальна інформація
fixed length control field 201103b un ||||| m||| 00| 0 ukr d
040 ## - Джерело каталогізації
Агенція оригінальної каталогізації UA-OsUOA
Мова каталогізації ukr
Агенція, яка здійснювала перезапис UA-OsUOA
Агенція, яка здійснювала модифікацію UA-OsUOA
041 ## - Код мови
Код мови тексту/ звукової доріжки чи окремого заголовка (П) ukr
080 ## - Індекс Універсальної десяткової класифікації
Індекс Універсальної десяткової класифікації (УДК) (НП) 94(477.51)"16/17":[726:523.6](043.3)
090 ## - Локальний шифр розміщення
Класифікаційний індекс УДК 94(477.51)"16/17":[726:523.6](043.3)
095 ## - Код спеціальності для авторефератів
Код спеціальності 07.00.01
Назва спеціальності історія України
100 ## - Основне введення – ім’я особи
Ім’я особи (НП) Нукало Н. М.
245 ## - Відомості про назву
Назва (НП) Монастирі Чернігова в соціокультурних вимірах XVII–XVІІІ ст.: історична ретроспектива і перспективи розвитку комплексів
Дані про відповідальність (НП) Нукало Надія Михайлівна ; наук. керівник Коцур Віталій Вікторович
260 ## - Публікація, розповсюдження і т.п. (Вихідні дані)
Місце публікації, розповсюдження і т.п. (П) Переяслав
Дата публікації, розповсюдження і т.п. (П) 2020
300 ## - Фізичний опис
Обсяг 21 с.
502 ## - Примітка про дисертацію
Зв'язок Автореферат дисертації на здобуття наукового ступеня кандидата історичних наук<br/>
Наймення інституції, що представляється ДВНЗ "Переяслав Хмельницький державний педагогічний університет імені Григорія Сковороди"
520 ## - Резюме і т.п.
Резюме, реферат, анотація, тощо (НП) Робота виконана на засадах міждисциплінарного підходу із дотриманням принципів об’єктивності, комплексності, історизму. Ґрунтуючись на документальних, речових і зображальних джерелах, комплексно досліджено еволюцію монастирських комплексів м. Чернігова у XVII–XVIII ст. та їхнє значення в духовному і соціально-економічному житті міста та Чернігово-Сіверського регіону.<br/>Шлях формування та розвитку цих комплексів відображає постійний зв’язок поколінь, що позитивно позначилось на збереженні традиційних форм існування у сучасному модернізованому світі. Для чіткої характеристики ґенези чернечих громад Чернігова, та великого пласту культурної спадщини накопиченої в обителях, залучено репрезентативне коло джерел і літератури. Дослідження синтезує розрізнені дані археології, геології, картографії, краєзнавства й інших спеціальних дисциплін для відтворення історичного шляху Троїцько-Іллінського, Єлецького, П’ятницького та Борисоглібського монастирів, до початку реформ царського уряду, та одразу пісня них. В результаті розглянуто їх соціо-культурне середовище, формування архітектурно-планувальної структури обителей, стильові зміни і вплив на суспільні та культурні процеси в місті та за його межами. Оригінальною тезою дослідження є зв’язок розвитку архітектурних ансамблів Чернігова з проєктами розбудови Києво-Печерської Лаври. Привернуто увагу до богослужбових і побутових традицій монастирів, як нематеріальної складової культурної спадщини. Крім принципу історизму, також використано пам’яткознавчий та музеєзнавчий підходи. Це дозволило відобразити погляд на історію крізь призму збережених пам’яток не тільки на території означених монастирських комплексів, а й місць, історично з ним пов’язаних, та у фондах наукових, культурно-освітніх закладів, до яких належать бібліотеки, архіви, музеї, заповідники. Розкриваються значущі та вагомі зміни у становищі монастирів після реформ кінця XVIII ст. та визначаються основні принципи їх подальшого розвитку й діяльності. Досліджується вплив чернігівських монастирів на суспільно-політичний, науковий та культурний розвиток суспільства.<br/>
650 ## - Додаткове предметне введення – тематичний термін
Джерело заголовка чи терміна UDC
Тематичний термін чи географічна назва, як елемент введення (НП) 94 Історія
942 ## - Додаткові елементи входу (Коха)
Source of classification or shelving scheme Universal Decimal Classification
Тип елемента Koha Автореферат
955 ## - Код типу видання за змістом
Код типу видання за змістом (НП) Наукові видання

Немає доступних примірників.